000 00707nam a2200205 i 4500
001 51974
003 ES-MaACL
005 20230906162501.0
007 t|
008 030821s1967 sp ||||1| cat d
100 1 _aChilde, V. Gordon.
_938514
245 1 3 _aEl naixement de la civilitzacio /
_cVere Gordon Childe ; proleg de Miguel Tarradell ; introducció de Glyn Daniel ; [traducció d'Humberto Pardellans].
250 _a[1ª ed.].
260 _aBarcelona :
_bEdiciones 62,
_c1967.
300 _a278 p., 1 lám. :
_bretr. aut. ;
_c20 cm.
700 1 _aTarradell, Miquel.
_9109320
700 1 _aDaniel, Glyn.
_942621
700 1 _aPardellans, Humberto.
_988948
852 _aES-MaACL
_jC-31879
_bR.62528
999 _c51974
_d51974